000 00241nam a2200109Ia 4500
008 220204s9999 xx 000 0 und d
082 _a82-3
_bHYN
100 _aHynd, Noel
245 0 _aRevenge
260 _aNew York
_bDell
_c1976
942 _cBK
999 _c30939
_d30939